Cargando…

God and Human Dignity : The Personalism, Theology, and Ethics of Martin Luther King, Jr. /

Presents a comprehensive contribution to the understanding of the life and thought of Martin Luther King, Jr.

Detalles Bibliográficos
Autor principal: Burrow, Rufus, 1951-
Formato: Electrónico eBook
Idioma:Inglés
Publicado: Notre Dame, Ind. : University of Notre Dame Press, 2006.
Colección:Book collections on Project MUSE.
Temas:
Acceso en línea:Texto completo

MARC

LEADER 00000cam a22000004a 4500
001 musev2_48641
003 MdBmJHUP
005 20230905045044.0
006 m o d
007 cr||||||||nn|n
008 100418s2006 inu o 00 0 eng d
020 |a 9780268161002 
020 |z 9780268021955 
020 |z 9780268021948 
020 |z 9780268161019 
035 |a (OCoLC)1016851312 
040 |a MdBmJHUP  |c MdBmJHUP 
100 1 |a Burrow, Rufus,  |d 1951- 
245 1 0 |a God and Human Dignity :   |b The Personalism, Theology, and Ethics of Martin Luther King, Jr. /   |c Rufus Burrow, Jr. ; foreword by Lewis V. Baldwin and Walter G. Muelder. 
264 1 |a Notre Dame, Ind. :  |b University of Notre Dame Press,  |c 2006. 
264 3 |a Baltimore, Md. :  |b Project MUSE,   |c 2018 
264 4 |c ©2006. 
300 |a 1 online resource (360 pages). 
336 |a text  |b txt  |2 rdacontent 
337 |a computer  |b c  |2 rdamedia 
338 |a online resource  |b cr  |2 rdacarrier 
505 0 0 |t Foreword /  |r Lewis V. Baldwin  |g and  |r Walter G. Muelder --  |t Acknowledgments --  |t Introduction --  |g ch. 1.  |t King's Intellectual odyssey : from Morehouse to Crozer --  |g ch. 2.  |t Social gospel and Walter Rauschenbusch --  |g ch. 3.  |t King and personalism --  |g ch. 4.  |t King's conception of God --  |g ch. 5.  |t The dignity of being and sexism --  |g ch. 6.  |t Personal communitarianism and the beloved community --  |g ch. 7.  |t Objective moral order and moral laws --  |g ch. 8.  |t Use of moral laws and the Vietnam War --  |g ch. 9.  |t The universe is friendly : social-ethical implications --  |t Afterword : an appreciation --  |t Notes --  |t Select bibliography --  |t Index. 
520 |a Presents a comprehensive contribution to the understanding of the life and thought of Martin Luther King, Jr. 
588 |a Description based on print version record. 
600 1 7 |a King, Martin Luther.  |2 swd 
600 1 7 |a King, Martin Luther,  |c Jr.,  |d 1929-1968.  |2 fast  |0 (OCoLC)fst00040023 
600 1 0 |a King, Martin Luther,  |c Jr.,  |d 1929-1968. 
650 7 |a Personalismus  |2 gnd 
650 7 |a Personalism.  |2 fast  |0 (OCoLC)fst01058664 
650 7 |a RELIGION  |x Christian Theology  |x Ethics.  |2 bisacsh 
650 7 |a RELIGION  |x Christianity  |x General.  |2 bisacsh 
650 7 |a RELIGION  |x Christian Theology  |x Systematic.  |2 bisacsh 
650 6 |a Personnalisme. 
650 0 |a Personalism. 
655 7 |a Electronic books.   |2 local 
710 2 |a Project Muse.  |e distributor 
830 0 |a Book collections on Project MUSE. 
856 4 0 |z Texto completo  |u https://projectmuse.uam.elogim.com/book/48641/ 
945 |a Project MUSE - Custom Collection 
945 |a Project MUSE - Archive Complete Supplement VI 
945 |a Project MUSE - Archive Philosophy and Religion Supplement VI